000 00336nam a2200133 i 4500
001 bg
100 1 _aPYTEL, Stanisław
245 0 _aOcena odkształtalności wtrąceń niemetalicznych w stali /
_cS. Pytel.
260 _aKraków,
_c1989.
040 _cBPK
041 _apol
942 _cKS
008 s pl f |000 0 pol
999 _c29471
_d29471
856 _uhttp://koha.tu.koszalin.pl/cgi-bin/koha/opac-detail.pl?biblionumber=29471
_yKatalog online BPK